|
|
|
|
| LEADER |
00000naa2a2200000 4500 |
| 001 |
179931 |
| 005 |
20231031170614.0 |
| 035 |
|
|
|a (RuTPU)RU\TPU\book\195049
|
| 090 |
|
|
|a 179931
|
| 100 |
|
|
|a 20100503d2007 k y0rusy50 ca
|
| 101 |
0 |
|
|a rus
|
| 102 |
|
|
|a RU
|
| 200 |
1 |
|
|a Влияние цемента на формирование коллекторских свойств песчаников пласта Ю12 в скважине 18 Герасимовского месторождения (Томская область)
|f Т. В. Жилина
|g науч. рук. Н. М. Недоливко
|
| 320 |
|
|
|a Библиогр.: 2 назв.
|
| 463 |
|
0 |
|0 (RuTPU)RU\TPU\book\140171
|y 5-89503-079-3
|t Проблемы геологии и освоения недр
|o [сборник]
|o труды XI международного симпозиума имени академика М. А. Усова студентов и молодых учёных, посвященного 80-летию академика, Президента международного горного конгресса, Лауреата государственной премии СССР М. И. Щадову
|f Томский политехнический университет (ТПУ), Институт геологии и нефтегазового дела
|v С. 299-303
|d 2007
|p 764 с.
|
| 610 |
1 |
|
|a песчаники
|
| 610 |
1 |
|
|a коллекторские свойства
|
| 610 |
1 |
|
|a пласты
|
| 610 |
1 |
|
|a скважины
|
| 610 |
1 |
|
|a Герасимовское месторождение
|
| 610 |
1 |
|
|a Томская область
|
| 700 |
|
1 |
|a Жилина
|b Т. В.
|
| 702 |
|
1 |
|a Недоливко
|b Н. М.
|4 727
|
| 801 |
|
1 |
|a RU
|b 63413507
|c 20100503
|
| 801 |
|
2 |
|a RU
|b 63413507
|c 20100503
|g RCR
|
| 942 |
|
|
|c BK
|